01074nam a2200253 i 45000010005000000030009000050050017000140070003000310080041000340200018000750800013000931000041001062450127001472600058002743000034003324900063003665340062004295950041004917000048005328300071005808520032006519990015006839520122006987557ES-MaACL20231215062944.0t|910304s1990 sp a |||| | spa d a84-85354-27-3 a087.5:821 aZamora, José (d1889-1971)915871610aCuentos mágicos / cJosé Zamora ; ilustraciones de José Zamora ; prólogo y selección de Carmen Bravo-Villasante. aPalma de Mallorca : bJosé J. de Olañeta, c1990. aXVI, 98 p. : bil. ; c22 cm.1 aErase una vez... Biblioteca de cuentos maravillosos ; v54 pReprod. facs. de la ed. de: cMadrid : Saturnino Calleja. aEjemp. n. 787 de una tirada de 2000.1 aBravo-Villasante, Carmen,d1918-19949315070 aErase una vez... Biblioteca de cuentos maravillosos ; v549177315 aES-MaACLjL-14836 z- rust. c7557d7557 00104070aATENEOMbATENEOMcDEPO2d2008-01-17eSCl0oL-14836p1007710r2023-02-23 00:00:00w2023-02-23yMONOGRAFIA